| 000 | 00534nam a2200217Ia 4500 | ||
|---|---|---|---|
| 005 | 20250425160914.0 | ||
| 008 | 250425s9999 xx 000 0 und d | ||
| 020 | _a0201240503 | ||
| 041 | _aspa | ||
| 082 | _a004 | ||
| 100 | _aBITTER, GARY G. | ||
| 245 | 0 | _aCOMPUTACION: FUNDAMENTOS, APLICACIONES Y PROGRAMACION | |
| 250 | _a1A ED. | ||
| 260 |
_aEstados Unidos _bADDISON - WESLEY _c1988 |
||
| 260 | _aWILMINGTON | ||
| 300 | _a339 | ||
| 650 | _aCOMPUTACION | ||
| 650 | _aPROCESO DE DATOS | ||
| 942 | _c01 | ||
| 010 | _a8029 | ||
| 999 |
_c198564 _d198564 |
||